| 000 | 01549nam a2200289Ia 4500 | ||
|---|---|---|---|
| 999 |
_c50869 _d50869 |
||
| 001 | 17824 | ||
| 003 | GE_BSU | ||
| 005 | 20200226101703.0 | ||
| 008 | 181216s2015ge xx |||||||||||||| ||geo|| | ||
| 020 | _a9789941945007 | ||
| 040 | _cGE_BSU | ||
| 041 | _ageo | ||
| 080 | _a94(479.22)(093) ს-32 | ||
| 245 |
_aსაქართველოს სახელმწიფო საზღვრის ისტორია (1917-1957) : _bგამოკვლევა, დოკუმენტები და მასალები / _cს. ვარდოსანიძე ; ,ვ. გურული ; კ. ხარაძე ; ლ. ჯიქია ; მ . კვარაცხელია ; რედ.როინ მეტრეველი. |
||
| 245 | _cრედ.: როინ მეტრეველი | ||
| 264 |
_aთბილისი : _bგამ-ბა "ქართული უნივერსიტეტი, _c2015. |
||
| 300 |
_a308 გვ.: _bილ., რუკები _c29 სმ. |
||
| 300 | _eილ.,რუკები | ||
| 653 | _aსაქართველოს სახელმწიფო საზღვრის ისტორია | ||
| 653 | _aისტორია | ||
| 700 |
_a გურული, ვ. _97446 |
||
| 700 |
_aხარაძე, კ _97447 |
||
| 700 |
_a ჯიქია, ლ _97448 |
||
| 700 |
_a კვარაცხელია, მ _97449 |
||
| 700 |
_a მეტრეველი, როინ _eრედაქტორი _97450 |
||
| 942 |
_cBK _2udc |
||